[Event "Bled/Rogaska Slatina"]
[Site "Bled"]
[Date "1991.??.??"]
[Round "13"]
[White "Bareev, Evgeny"]
[Black "Khalifman, Alexander"]
[Result "1/2-1/2"]
[WhiteElo "2650"]
[BlackElo "2640"]
[Annotator "Stohl,I"]
[PlyCount "58"]
[EventDate "1991.06.??"]
[EventType "tourn"]
[EventRounds "13"]
[EventCountry "SLO"]
[EventCategory "12"]
[SourceTitle "CBM 024"]
[Source "ChessBase"]
[SourceDate "1991.10.01"]
[SourceVersion "1"]
[SourceVersionDate "1991.10.01"]
[SourceQuality "1"]

1. d4 d6 2. e4 Nf6 3. Nc3 g6 4. Be3 Bg7 (4... c6 $5) 5. Qd2 (5. h3 Nbd7 $5 6.
f4 e5 $13) 5... c6 6. f3 (6. Bh6 Bxh6 7. Qxh6 Qa5 8. Bd3 $14) 6... Qa5 (6...
Nbd7 7. Nh3 (7. g4 e5 $5 $13) 7... O-O 8. Be2 e5 9. O-O Qe7 10. a4 d5 $5 11.
exd5 Nxd5 12. Nxd5 cxd5 13. Rfe1 Nb6 14. Nf2 Be6 15. dxe5 Bxe5 16. Bd4 Qc7 $10
{Morrison,Ch-McNab,C,Eastbourne ch-GB 1990}) (6... b5 $5 7. Bd3 (7. Bh6 Bxh6 8.
Qxh6 b4 (8... Qa5 9. Qd2 Nbd7 10. Bd3 e5 $10) 9. Nd1 Qa5 10. Bd3 Ba6 11. Bxa6
Qxa6 12. Ne2 Nbd7 13. Ne3 Rb8 14. b3 Rb5 15. Nc4 d5 16. exd5 cxd5 17. Nb2 e6
18. O-O Ke7 $10 {Kamsky,G-Gurevich,M,Reggio Top 16 1991-CBM 22}) (7. Nge2 Nbd7
8. g4 Nb6 9. Ng3 Qc7 10. O-O-O Bb7 11. g5 Nfd7 12. h4 O-O-O 13. h5 Rhg8 14. Qf2
b4 15. Nb1 c5 16. Nd2 Kb8 17. Kb1 Rc8 $36 {Gdanski,J-Hennigan,M,Santiago
W-chjr 1990}) (7. g4 h5 $5 8. g5 Nfd7 9. f4 Nb6 10. Nf3 d5 11. Ne5 $1 b4 12.
Ne2 a5 13. Bg2 h4 14. O-O h3 15. Bh1 dxe4 16. Bxe4 Bf5 17. Bxf5 gxf5 18. Qd3
Qd5 $13 {Yudasin,L-Gurevich,D,New York op 1990-EXP 16}) (7. O-O-O O-O $5 8. Bh6
b4 9. Nce2 Qa5 10. Kb1 Nbd7 $132) 7... Nbd7 8. Nge2 a6 $1 9. a4 Bb7 10. O-O O-O
11. Nd1 Qc7 12. Nf2 e5 13. c3 d5 $132 {Frolov,A-Popov,A,Voroshilovgrad 1989})
7. h4 {N} (7. g4 $5 h5 (7... b5 8. Nge2 h5 9. g5 Nfd7 10. Bg2 b4 11. Nd1 c5 $6
12. f4 Na6 13. e5 Rb8 14. exd6 exd6 15. f5 $1 gxf5 16. Bf4 Rb6 17. Ne3 $40 {
Gelfand,B-Nikolic,P,Sarajevo cm 1991-CBM 22}) 8. g5 Nh7 9. f4 O-O 10. Nf3 e5
11. O-O-O exf4 12. Bxf4 d5 13. Kb1 Be6 14. exd5 cxd5 15. Nb5 Qxd2 16. Rxd2 Nc6
17. Nc7 Rad8 18. Bg2 Bf5 19. Nh4 $14 {Gelfand,B-Nikolic,P,Sarajevo cm 1991-CBM
22}) 7... h5 $5 8. g3 (8. Nh3 Bxh3 9. Rxh3 Nbd7 $13) 8... b5 (8... Nbd7 $5 9.
Nh3 e5 $132) 9. a4 b4 (9... a6 10. Nh3 $5 $14) 10. Na2 (10. Nce2 Nbd7 $13 {/\c5
}) 10... c5 (10... Qxa4 $6 11. Qxb4 Qxb4+ 12. Nxb4 $16 {_|_><a7,c6}) 11. dxc5
dxc5 12. c3 $1 Qxa4 (12... bxc3 13. Nxc3 $36) (12... b3 $2 13. Nc1 Be6 14. Bb5+
$16) 13. cxb4 cxb4 14. Qxb4 Qxb4+ 15. Nxb4 $14 a5 16. Rh2 $5 (16. Nd3 Nc6 17.
Rc1 Nb4 $132) 16... O-O 17. Rc2 Bb7 18. Nd3 Nc6 (18... Nbd7 19. Rc7 $36) 19.
Rac1 (19. Nc5 Nb4 20. Rd2 Bc6 $10) 19... Nd7 $5 (19... Rfc8 20. Ne2 $36) 20.
Rxc6 Bxc6 21. Rxc6 Ne5 $1 22. Rc2 (22. Nxe5 Bxe5 $146 {/\Bb2,Bg3}) 22... Rac8
23. Rxc8 (23. Kd1 Rcd8 24. Rc3 Nxd3 25. Rxd3 Bxb2 $10) (23. Nc5 $5) 23... Nxd3+
24. Bxd3 Rxc8 25. Ne2 (25. b3 $6 Rc3) 25... Bxb2 $10 26. Bb5 Rb8 27. Bc6 (27.
Ba4 $2 Rb4 $36) 27... Rc8 28. Bb5 $8 Rb8 29. Bc6 Rc8 {Stohl,I} 1/2-1/2

[Event "GER-ch"]
[Site "Bad Neuenahr"]
[Date "1991.??.??"]
[Round "15"]
[White "Muse, Mladen"]
[Black "Hickl, Joerg"]
[Result "1-0"]
[WhiteElo "2460"]
[BlackElo "2480"]
[Annotator "Stohl,I"]
[PlyCount "83"]
[EventDate "1991.06.??"]
[EventType "tourn"]
[EventRounds "15"]
[EventCountry "GER"]
[EventCategory "7"]
[SourceTitle "CBM 024"]
[Source "ChessBase"]
[SourceDate "1991.10.01"]
[SourceVersion "1"]
[SourceVersionDate "1991.10.01"]
[SourceQuality "1"]

1. d4 d6 2. e4 Nf6 3. Nc3 g6 4. Be3 c6 (4... Bg7 5. Qd2 (5. h3 $5 O-O 6. f4 e5
$6 7. dxe5 dxe5 8. Qxd8 Rxd8 9. fxe5 Nh5 10. Nf3 Ng3 11. Rg1 Nxf1 12. Rxf1 c6
13. Bg5 Re8 14. O-O-O Nd7 15. Bf4 Nc5 16. Kb1 $14 {Anand,V-Hennigan,M,Oakham
1990-EXP 16}) 5... O-O (5... c6 6. Bh6 Bxh6 7. Qxh6 Qa5 8. Bd3 Nbd7 9. Nf3 e5
10. O-O exd4 11. Nxd4 Qh5 12. Qd2 O-O 13. Be2 Qe5 14. f4 Qe7 15. Bf3 $14 {
() Adams,M-Nogueiras,J,Buenos Aires Najdorf 1991-CBM 24}) 6. O-O-O c6 7. f3 b5
8. g4 Qa5 9. Kb1 Be6 10. b3 (10. d5 $5 $36) 10... b4 11. Na4 c5 12. dxc5 Nc6
13. g5 Nh5 14. Bh3 Rad8 15. Bxe6 fxe6 16. Qc1 dxc5 $146 {Yudasin,L-Anand,V,
Munich 1991-CBM 23}) 5. Qd2 (5. h3 $5 Nbd7 $1 (5... Bg7 6. f4 O-O 7. Nf3 Nbd7
8. e5 Nh5 9. Ne2 c5 (9... Bh8 10. g4 Ng7 11. Bg2 dxe5 12. fxe5 Nb6 13. Bh6 Be6
14. O-O Qd7 15. Nf4 $16 {Jansa,V-Hoi,C,Gausdal Arnold Cup 1991}) 10. g4 Nxf4
11. Nxf4 cxd4 12. Nxd4 Nxe5 13. c3 $16 {Short,N-Gurevich,M,Wijk 1990-CBM 17})
6. Nf3 Qc7 7. Be2 Bg7 8. O-O O-O 9. a4 b6 10. Nd2 e5 $5 11. dxe5 Nxe5 12. f4
Ned7 13. Nc4 d5 14. exd5 cxd5 15. Nxd5 Nxd5 16. Qxd5 Ba6 $146 {Short,N-Ftacnik,
L,Novi Sad olm 1990}) 5... b5 6. Bd3 (6. f3 $5 Qc7 (6... Nbd7 $142) 7. O-O-O
Nbd7 8. Bh6 Bxh6 9. Qxh6 Bb7 10. Nh3 $1 O-O-O 11. Ng5 Rhf8 12. Kb1 Kb8 13. g4
e5 14. Qg7 b4 15. Ne2 $36 {Yudasin,L-Wolff,P,New York op 1990-EXP 16}) 6... e5
$5 (6... Nbd7 7. Nf3 Bg7 8. Bh6 O-O 9. Bxg7 Kxg7 10. e5 dxe5 11. dxe5 Ng4 12.
Qg5 Nc5 13. Rd1 Qc7 14. O-O Nh6 $132 {Ivanov,A-Ehlvest,J,New York op 1990-EXP
16}) 7. dxe5 (7. Nf3 Nbd7 8. O-O Bb7 9. a4 b4 10. Na2 exd4 11. Bxd4 c5 12. Bxf6
Qxf6 13. c3 a5 14. Rfe1 Bg7 15. Bb5 O-O-O $13 {Moldovan,D-Ghinda,M,Stara
Zagora zt-A 1990-CBM 17}) 7... dxe5 8. Nf3 Nbd7 9. O-O (9. h3 Qe7 $5 (9... Bg7
10. a4 b4 11. Ne2 a5 12. c3 c5 13. cxb4 cxb4 14. O-O O-O 15. Rfd1 Bb7 16. Bg5
Qb8 17. Ng3 Rc8 18. Rac1 $14 {Nunn,J-Gelfand,B,Munich 1991-CBM 23}) 10. O-O-O (
10. a4 $5 b4 11. Ne2 Nc5 $13) 10... a6 11. Rhe1 Bg7 12. Bh6 Bxh6 13. Qxh6 Bb7
14. Kb1 O-O-O 15. a3 Rhe8 16. Bf1 Nc5 $10 {Tolnai,T-Ftacnik,L,Stara Zagora
zt-A 1990-CBM 17}) 9... Be7 $5 (9... Bb7 $13) 10. h3 O-O 11. a4 b4 12. Na2 (12.
Ne2 Qc7 $10 {/\Nc5}) 12... a5 13. Nc1 Qc7 14. Nb3 Re8 (14... c5 15. Qe2 Bb7 16.
Nfd2 Nh5 $132) 15. Qe2 Nf8 16. Nfd2 (16. Nbd2 $5 {/\Nc4><e5}) 16... Ne6 17. Nc4
c5 18. Rfd1 (18. c3 Bb7 19. f3 Nh5 $36) 18... Bb7 19. f3 Nh5 20. Qf2 Nd4 21.
Nxd4 cxd4 22. Bd2 Bc8 (22... Ba6 $5 23. b3 Bc8 $10) 23. g4 Ng7 $6 (23... Nf4
24. Bxf4 exf4 $10) 24. f4 $36 exf4 (24... f6 25. Qh2 Bf8 26. g5 $1 $36) 25.
Bxf4 Qc5 26. Rf1 {/\Bd6+-} Rf8 27. b3 (27. Be5 $5 Ne6 28. Bf6 $16) 27... Be6
28. Qg3 Rfd8 29. Rf2 Ne8 30. Raf1 Rac8 31. Kg2 $14 Bg5 $6 (31... Nd6 $14) 32.
Bxg5 Qxg5 33. Ne5 $40 f6 (33... Rc7 34. h4 Qe7 35. g5 $16) 34. Nf3 Qc5 35. Qh4
{/\e5} Rd7 36. e5 Rf7 (36... fxe5 37. Ng5 Bd5+ 38. Kh2 Qe7 39. Rf7 $1 $18) 37.
exf6 Rxf6 38. Ng5 $18 Rxf2+ 39. Rxf2 Qe7 $8 40. Nxe6 $1 Qxe6 (40... Qxh4 41.
Rf8#) 41. Bc4 Rxc4 42. bxc4 {Stohl,I} (42. bxc4 Qxc4 $2 43. Qe7) 1-0

[Event "NED-ch46"]
[Site "Eindhoven"]
[Date "1991.06.20"]
[Round "9"]
[White "Brenninkmeijer, Joris"]
[Black "Van der Wiel, John"]
[Result "1/2-1/2"]
[WhiteElo "2525"]
[BlackElo "2530"]
[Annotator "Stohl,I"]
[PlyCount "97"]
[EventDate "1991.06.10"]
[EventType "tourn"]
[EventRounds "11"]
[EventCountry "NED"]
[EventCategory "9"]
[SourceTitle "CBM 026"]
[Source "ChessBase"]
[SourceDate "1992.02.01"]
[SourceVersion "1"]
[SourceVersionDate "1992.02.01"]
[SourceQuality "1"]

1. d4 d6 2. e4 Nf6 3. f3 c6 $5 {N} (3... e5 4. d5 (4. dxe5 dxe5 5. Qxd8+ Kxd8
6. Bc4 Ke8 7. Nc3 c6 8. Nge2 Nbd7 9. a4 a5 10. Be3 Bc5 11. Kf2 Ke7 12. Nc1
Bxe3+ 13. Kxe3 Nc5 14. Nd3 Nxd3 15. Kxd3 Nd7 $10 {Levitt,J-Adams,M,London LB
1990}) 4... g6 (4... Be7 $5 $13) 5. c4 Bg7 6. Nc3 O-O 7. Bg5 c6 8. Qd2 cxd5 9.
Nxd5 Be6 10. Ne2 Nbd7 (10... Nc6 $142 $5) 11. Nec3 Nb6 12. Be2 Rc8 13. b3 Nbxd5
14. Nxd5 Bxd5 15. cxd5 $16 {^^,-><<,Psakhis,L-Ree,H,Amsterdam OHRA-B 1989-CBM
15}) (3... g6 4. c4 Bg7 5. Nc3 {-E8}) (3... d5 4. e5 Ng8 $5 (4... Nfd7 5. c4 $5
dxc4 6. Bxc4 e6 7. f4 c5 8. dxc5 Bxc5 9. Nf3 a6 10. Nc3 b5 11. Bd3 Bb7 12. a3
Nc6 13. Ne4 O-O 14. h4 $1 Be7 15. Be3 $36 {->>>,Kasparov,G-Hansen,C,Denmark m
1990}) 5. Ne2 (5. Bd3 $5 $14) 5... c5 6. dxc5 e6 7. Be3 Nd7 8. f4 Nh6 9. Ng3
Bxc5 10. Bxc5 Nxc5 11. Nc3 Bd7 12. Qd2 O-O 13. O-O-O Qa5 14. Kb1 Rfc8 $13 {
Fedorowicz,J-Hansen,C,Wijk 1991-CBM 22}) (3... Nc6 $5 4. c4 e5 5. d5 Nd4 6. Be3
$6 c5 7. dxc6 bxc6 8. Bxd4 exd4 9. Qxd4 Rb8 10. Nd2 Be7 11. Ne2 O-O 12. Nb3 Nd7
13. Nc3 Nc5 14. Nxc5 Bf6 15. Nb7 Rxb7 16. Qd2 Qb6 $40 {Flear,G-Hodgson,Ju,
BCF-ch 1989-CBM 15}) 4. c4 e5 5. d5 Qb6 (5... Be7 6. Nc3 O-O 7. Be3 Nh5 $5 $13)
6. Nc3 Be7 7. Nge2 O-O 8. Ng3 a5 $6 (8... cxd5 9. cxd5 Bd8 $13) 9. Na4 $1 Qa7
10. Qb3 Bd8 11. Be3 $36 {()} c5 $8 12. Bd3 Na6 13. a3 Rb8 14. Nc3 {><b5} b6 15.
O-O-O (15. Nf5 $1 Bxf5 16. exf5 $16 {/\g4-g5->>>}) 15... Ne8 16. Nb5 Qd7 17. h4
Nac7 $132 18. Nc3 (18. Nxc7 $6 a4 $13) (18. a4 $5 $16) 18... a4 $5 19. Qxa4
Qxa4 20. Nxa4 b5 21. Nc3 Ba6 22. cxb5 Nxb5 23. Nxb5 Bxb5 24. Bxb5 Rxb5 25. Kc2
$16 c4 26. Bd2 (26. Ne2 $142 $16) 26... g6 27. h5 f5 28. hxg6 hxg6 29. Bb4 Ba5
30. Bxa5 Rxa5 31. Rh6 (31. Kc3 $16) 31... f4 32. Nf1 $2 (32. Ne2 Kg7 33. Rdh1
Kf6 34. Rh7 Ng7 $16) 32... Kg7 33. Rh2 Nc7 34. Nd2 Rc5 35. Rdh1 (35. a4 Ra8 36.
Ra1 Nb5 $132) 35... Nb5 $132 36. Rh7+ Kf6 37. Rb7 Rfc8 (37... c3 $6 38. Nb3
Nd4+ 39. Nxd4 exd4 40. b4 $18) 38. Nb1 (38. Rb6 Nd4+ 39. Kb1 c3 40. bxc3 Rxc3
41. Rxd6+ Kg5 $146) 38... c3 39. bxc3 $8 (39. b4 $2 Nd4+ 40. Kd3 Rc4 $19) 39...
Nxc3 40. Nxc3 Rxc3+ 41. Kb1 Rxa3 $10 42. Rb6 Kg5 $1 43. Rxd6 Rb3+ 44. Ka2 Rb7
45. Ra6 $8 Rc2+ 46. Ka1 Rxg2 47. Re6 Ra7+ 48. Kb1 Rb7+ 49. Ka1 (49. Kc1 Ra7 50.
Rxe5+ Kf6 51. Re6+ Kg5 52. Kb1 Rb7+ $10 {[Stohl,I]}) 1/2-1/2

[Event "RUS-ch"]
[Site "Elista"]
[Date "1994.??.??"]
[Round "1"]
[White "Tregubov, Pavel V"]
[Black "Panchenko, Alexander N"]
[Result "1-0"]
[WhiteElo "2545"]
[BlackElo "2475"]
[Annotator "Stohl,I"]
[PlyCount "67"]
[EventDate "1994.09.??"]
[EventType "swiss"]
[EventRounds "11"]
[EventCountry "RUS"]
[SourceTitle "CBM 044"]
[Source "ChessBase"]
[SourceDate "1995.02.01"]
[SourceVersion "1"]
[SourceVersionDate "1995.02.01"]
[SourceQuality "1"]

1. d4 d6 2. Nc3 Nf6 3. e4 e5 4. dxe5 (4. Nf3 Nbd7 5. Bc4 $14 {()}) 4... dxe5 5.
Qxd8+ Kxd8 6. Bg5 (6. Bc4 Bb4 $5 7. Bd2 Ke7 8. Nge2 Nbd7 9. O-O-O a6 10. Ng3 g6
11. f3 Nb6 12. Bd3 Be6 13. Rhe1 Bd6 14. h3 h5 15. Nge2 Nbd7 16. f4 exf4 17.
Nxf4 Ne5 18. Rf1 c6 19. Be3 Nfd7 20. Nxe6 Kxe6 21. Ne2 Ke7 22. Nd4 Rae8 $10 {
Landenbergue,C-Wahls,M/SWZ-ch/1994/}) 6... Be6 7. f4 $5 (7. O-O-O+ Nbd7 8. f4
exf4 9. Nf3 h6 10. Bxf4 c6 11. h3 Bb4 12. Bd3 Ke7 13. Nd4 Bxc3 14. bxc3 Nc5 15.
Rhe1 Rhd8 16. g4 Rd7 17. Nf5+ Bxf5 18. gxf5 Rad8 19. e5 Nd5 20. f6+ Kf8 21.
fxg7+ Kg8 22. Bxh6 Nxc3 $17 {Liss,E-Nevednichy,V/Biel op/1994/}) 7... exf4 8.
Nge2 $146 (8. e5 h6 9. Bh4 g5 10. exf6 gxh4 11. Nge2 Bd6 (11... Nd7 $142) 12.
Ne4 Be5 13. O-O-O+ Kc8 14. Nd4 Bxd4 15. Rxd4 Nc6 16. Rd2 Ne5 17. Nc5 Bf5 18.
Bb5 a6 19. Ba4 b6 20. Rd5 $1 bxc5 21. Rxe5 Be6 22. Rf1 $16 {ק,
Buchnicek-Panchenko,AG/Ml.Boleslav op/1993/}) 8... h6 (8... Be7 $5 9. Nxf4 (9.
O-O-O+ Nbd7 10. Nxf4 Ng4 $1 $10) 9... Ng4 $5 10. Nxe6+ fxe6 11. Bf4 Rf8 $132)
9. Bxf6+ gxf6 10. Nxf4 $36 {ק} Bd6 11. Nh5 (11. Nxe6+ $2 fxe6 {/\Be5=/+})
11... Nd7 (11... f5 12. O-O-O $1 $16 {/\e5}) 12. Be2 Be5 13. O-O-O $14 c6 14.
Rhf1 {/\Nf6} Ke7 $6 (14... Bxc3 $1 15. bxc3 Ke7 16. Rf4 Rhg8 17. g3 Rg5 $14 {
<=>}) (14... Kc7 15. Nd5+ $1 $36) 15. Nd5+ $1 cxd5 (15... Bxd5 16. exd5 Bxh2
17. Bg4 $16) 16. exd5 Rhg8 (16... Bxh2 $2 17. dxe6 fxe6 18. g3 Rhg8 19. Rf3 {
/\Rh1+-}) 17. dxe6 fxe6 18. g3 $16 {עe7,f6,e6} Rad8 19. Rde1 Nb6 20. Nf4 Nd5 (
20... Bxf4+ 21. Rxf4 Nd5 22. Ra4 $16) 21. Nd3 Bd4 (21... Bc7 22. Bf3 Bb6 23.
Re4 {/\Rfe1,Rh4|^}) 22. Bf3 a5 23. Re2 b5 24. Rfe1 Nc7 25. Re4 f5 (25... Rd6
26. Rh4 Rh8 27. Nf4 $16) (25... Kf7 $5 $16) 26. R4e2 Kf6 27. Ne5 Rd6 (27...
Bxe5 28. Rxe5 {/\a4->}) 28. c3 Bb6 (28... Bxe5 $142 29. Rxe5 $16) 29. a4 $1
bxa4 $2 (29... Bc5 30. axb5 Nxb5 31. Nc4 Ra6 32. Bb7 $18) 30. Nc4 $18 Rd3 31.
Nxb6 a3 (31... Rxf3 32. Nd7+ Ke7 33. Ne5 $18) 32. Bc6 axb2+ 33. Kc2 Rgd8 {
/\R3d6} (33... Rd6 34. Nd7+ Ke7 35. Ne5 $18) 34. Nc4 1-0

[Event "London WFW"]
[Site "London"]
[Date "1991.??.??"]
[Round "?"]
[White "Plaskett, H James"]
[Black "Watson, William N"]
[Result "0-1"]
[WhiteElo "2480"]
[BlackElo "2505"]
[Annotator "Stohl,I"]
[PlyCount "110"]
[EventDate "1991.05.??"]
[EventType "tourn"]
[EventRounds "13"]
[EventCountry "ENG"]
[EventCategory "11"]
[SourceTitle "CBM 024"]
[Source "ChessBase"]
[SourceDate "1991.10.01"]
[SourceVersion "1"]
[SourceVersionDate "1991.10.01"]
[SourceQuality "1"]

1. d4 d6 2. e4 Nf6 3. Nc3 g6 4. Bg5 Bg7 (4... h6 5. Bh4 (5. Be3 a6 (5... c6 6.
Qd2 b5 7. Bd3 Ng4 8. Bf4 e5 9. dxe5 dxe5 10. Bg3 h5 11. Nf3 h4 12. Bxe5 Nxe5
13. Nxe5 Qf6 14. f4 Bh6 15. Ne2 Qxe5 16. fxe5 Bxd2+ 17. Kxd2 $16 {Polgar,
J-Lobron,E,Munich 1991-CBM 23}) 6. f3 b5 7. Qd2 Nbd7 8. a4 b4 9. Nd1 Rb8 10.
Nh3 c5 11. dxc5 Nxc5 12. e5 Bxh3 13. exf6 Bd7 14. fxe7 Bxe7 15. Bxh6 Bf6 16.
Bf4 $6 O-O 17. Bc4 Re8+ 18. Kf2 Nxa4 $36 {Van der Wiel,J-Chernin,A,Wijk-A
1991-CBM 22}) 5... Bg7 6. Qd2 O-O 7. f4 b6 $6 8. e5 dxe5 9. fxe5 Nd5 10. O-O-O
Nc6 11. Nge2 Be6 12. Nxd5 Qxd5 13. Nc3 Qa5 14. a3 Rfd8 15. Qe3 $16 {Winants,
L-Seret,JL,Lyon zt 1990-CBM 18}) 5. Qd2 (5. f4 c6 6. Nf3 O-O 7. Bd3 (7. Qd2
$142) 7... Qb6 $1 8. Qd2 Bg4 9. e5 Bxf3 10. gxf3 Nd5 11. Nxd5 cxd5 12. c3 f6
13. exf6 exf6 14. Bh4 Re8+ 15. Kf1 f5 $15 {Shirov,A-Jansa,V,Kerteminde
1991-CBM 23}) (5. Be2 $5 c6 6. a4 Nbd7 7. Qd2 e5 8. Nf3 h6 9. Bh4 $14 {Wiseman,
M-Gurevich,D,Chicago US open 1989}) 5... c6 (5... h6 6. Bf4 (6. Be3 Ng4 7. Bf4
e5 8. dxe5 Nxe5 9. Be2 Be6 10. Nf3 Nxf3+ 11. Bxf3 Nc6 12. Nd5 Ne5 13. Be2 c6
14. Ne3 Qh4 $36 {Karadag,C-Miles,A,Kusadasi op 1990}) 6... g5 7. Bg3 Nh5 8.
O-O-O Nc6 9. Bb5 Bd7 10. Nge2 e6 11. f3 Nxg3 12. hxg3 Qe7 13. g4 O-O-O 14. Qe3
Kb8 15. Ng3 Rhg8 16. Kb1 Rc8 17. Bxc6 Bxc6 $13 {Emms,J-Hodgson,J,London LB 1990
}) 6. f4 O-O (6... Nh5 7. Bc4 Nd7 8. a4 Nb6 9. Bb3 d5 10. a5 Nc4 11. Bxc4 dxc4
12. Nge2 f6 13. Bh4 Bh6 14. Qe3 O-O 15. O-O Qc7 $132 {Winants,L-Gurevich,M,
Tel-Aviv 1989}) 7. Bd3 b5 8. O-O-O (8. Nf3 Bg4 9. O-O-O Nbd7 (9... Qb6 $142 $1)
10. h3 Bxf3 11. gxf3 Qa5 12. Kb1 $14 {Norwood,D-Beaumont,Ch,Eastbourne GB-ch
1990}) 8... b4 $5 (8... Qb6 9. Nf3 Bg4 10. e5 b4 11. Ne2 Nd5 12. Bc4 f6 13. Bh4
Nd7 14. h3 Bxf3 15. gxf3 e6 $13 {Piper,M-Chabanon,JC,Oakham 1990-EXP 16}) 9.
Nce2 Qa5 10. Kb1 c5 11. dxc5 (11. e5 $6 Be6 12. Nc1 c4 13. exf6 exf6 14. Be4 d5
$36) (11. d5 $6 c4 $17) 11... Qxc5 $13 12. Nf3 Nbd7 (12... Bb7 13. Ng3 (13. e5
dxe5 14. fxe5 Ne4 $36) 13... h6 14. Bh4 $13) 13. Rhe1 a5 14. Ned4 Bb7 15. f5 (
15. e5 dxe5 16. fxe5 Ng4 17. e6 Bxf3 $1 18. Nxf3 Bc3 $1 $40) 15... Nb6 (15...
a4 $5 16. Bh6 $13) 16. e5 (16. Bh6 $5 $132) 16... dxe5 17. Rxe5 Qc7 $36 {
/^h8-a1,a1-h8,/\Nfd5} 18. Rde1 (18. Bh6 $2 Bxh6 19. Qxh6 Ng4) 18... Bxf3 $1 19.
Rxe7 (19. Nxf3 Nfd5 20. R5e4 Na4 $17) 19... Qc5 20. Nxf3 $8 Nfd5 21. R7e4 Rab8
{/\Nc3,Bc3} (21... Na4 $5 22. f6 (22. Ne5 Ndc3+ 23. bxc3 Nxc3+ $19) 22... Nxf6
$36) 22. Ne5 (22. Kc1 Bc3 23. bxc3 bxc3 24. Qe2 Nc4 $1 $19) 22... f6 (22...
Nc3+ $6 23. bxc3 bxc3 24. Qc1) (22... Bxe5 $6 23. Rxe5 f6 24. Rxd5 Nxd5 25. Bh6
$146) 23. Rc4 $8 Nxc4 (23... Qd6 $2 24. Rc6 Qd8 25. fxg6 $16) 24. Bxc4 fxe5 (
24... Rfd8 $6 25. Rd1 $16) 25. Bxd5+ Kh8 26. fxg6 e4 $1 $40 {/\Bc3-+} 27. Be3
Qc3 $1 28. bxc3 (28. Qc1 $142 Qe5 29. Bf7 $132) 28... bxc3+ 29. Kc1 cxd2+ 30.
Kxd2 $2 (30. Bxd2 $15) 30... Rfd8 31. c4 Rb2+ 32. Kc1 Rdb8 $19 {/\Rb1,R8b2} 33.
Bxe4 $8 Rxa2 34. Rd1 (34. Kd1 Rbb2) 34... Ra1+ 35. Kd2 Rb2+ 36. Bc2 $8 Ra3 $1 {
/\Re3,Bc3} 37. Rf1 (37. Bg5 hxg6 $1 $19 {/\Bc3}) 37... Rxe3 38. Kxe3 Rxc2 39.
Rf5 Ra2 (39... a4 40. Ra5 hxg6 41. Rxa4 Rxg2 $19) 40. Rh5 a4 41. Rxh7+ Kg8 42.
Rh5 Bc3 43. Kd3 (43. c5 Rd2 44. c6 Rd8 45. c7 Rc8 46. Rc5 Bb2 47. Kd3 a3 48.
Kc2 Bd4 $19) 43... Bb4 44. c5 a3 45. Re5 (45. c6 Rf2) 45... Ra1 (45... Rf2 $142
) 46. Kc2 Rg1 47. Re8+ Kg7 48. Re7+ Kxg6 49. Re6+ Kf7 50. Ra6 Rxg2+ 51. Kb3
Bxc5 52. h4 Be7 53. h5 Rg5 (53... Rh2 54. h6 Bf8 55. Ra7+ Kg8 $19) 54. h6 Rg6
55. h7 Rg3+ (55... Rg3+ 56. Ka2 Rh3 $19 {Stohl,I}) 0-1

[Event "Las Palmas3"]
[Site "Las Palmas"]
[Date "1993.??.??"]
[Round "4"]
[White "Smirin, Ilia"]
[Black "Todorcevic, Miodrag"]
[Result "1-0"]
[WhiteElo "2640"]
[BlackElo "2480"]
[Annotator "Stohl,I"]
[PlyCount "79"]
[EventDate "1993.12.??"]
[EventType "tourn"]
[EventRounds "9"]
[EventCountry "ESP"]
[EventCategory "13"]
[SourceTitle "CBM 040"]
[Source "ChessBase"]
[SourceDate "1994.06.01"]
[SourceVersion "1"]
[SourceVersionDate "1994.06.01"]
[SourceQuality "1"]

1. e4 g6 2. d4 Bg7 3. c3 d6 4. Nf3 Nf6 5. Bd3 O-O 6. O-O c5 7. h3 $5 (7. dxc5
dxc5 8. h3 (8. Qe2 Qc7 9. Bg5 Nc6 10. Nbd2 h6 11. Bh4 Nh5 12. Qe3 b6 13. Rfe1
Nf4 14. Bg3 e5 15. Bf1 g5 16. a4 Ne7 17. Nc4 Bb7 18. Qd2 Rad8 19. Qc2 f5 20.
Nfd2 Nxg2 $1 $36 {Summerscale,A-Ruban,V/Hastings Challenger/1991/}) 8... Nc6 9.
Qe2 Qc7 10. Re1 Nd7 11. Bc2 b6 12. a4 Bb7 13. Nbd2 Rad8 14. Nf1 Qc8 15. Bg5 Ba6
16. Qe3 Qb7 17. Rad1 c4 18. Nd4 Nde5 19. Nb5 Na5 20. Qe2 Bxb5 21. axb5 Qc7 22.
f4 Nd3 $132 {Kortchnoi,V-Nunn,J/Brussels/1986/}) 7... a6 (7... Nc6 8. d5 Nb8 $5
(8... Na5 9. c4 a6 10. Nbd2 b5 11. cxb5 axb5 12. Bxb5 Qb6 13. Be2 Ba6 14. Rb1
Nh5 15. g3 c4 16. Kg2 Rfc8 17. Ne1 Nf6 18. b4 $5 cxb3 19. axb3 Nd7 20. b4 Bxe2
21. Qxe2 $16 {Fedorov,A-Ibragimov,I/Ufa/1993/}) 9. c4 e5 10. dxe6 fxe6 11. e5
dxe5 12. Nxe5 Nh5 13. Nf3 Nf4 14. Bxf4 Rxf4 15. Nc3 Nc6 16. Qe2 Rxf3 $5 17.
gxf3 Qg5+ 18. Kh1 Qh5 $44 {Bus,M-Asanov,B/Copenhagen Unibank/1991/}) (7... cxd4
$5 8. cxd4 Nc6 9. Nc3 e5 10. Be3 exd4 11. Nxd4 Ne5 12. Be2 a6 13. Bg5 h6 14.
Bh4 b5 15. f4 Ned7 16. Kh1 Bb7 17. Bf3 b4 18. Nd5 Bxd5 19. exd5 Nc5 20. Nc6 Qb6
21. Bf2 Qb5 22. Be2 Qb6 23. Bf3 $10 {Gdanski,J-Sznapik,A/Warsaw LEG/1990/}) 8.
Re1 (8. Be3 b6 9. Nbd2 e6 10. Qe2 Qc7 11. Bf4 Nh5 12. Bh2 e5 13. Nc4 b5 14. Ne3
c4 15. Bc2 Be6 16. dxe5 dxe5 17. Rad1 Nd7 18. Nd5 Bxd5 19. Rxd5 Nf4 20. Bxf4
exf4 21. Rfd1 Ne5 $10 {Rivas Pastor,M-Todorcevic,M/Mesa op/1992/}) 8... Nc6 (
8... Qc7 $5 9. e5 dxe5 10. dxe5 Ne8 11. Bf4 Nc6 12. Qe2 Be6 13. Nbd2 Rd8 14.
Qe3 Qc8 15. Bf1 Nc7 16. Qxc5 {/1/2:1/2/Kochiyev,A-Todorcevic,M/Palma GMA-op/
1989/} Nd5 17. Bg3 Nxe5 $1 $10) 9. d5 Na7 (9... Na5 $5 10. Na3 e6 11. dxe6 (11.
b4 cxb4 12. cxb4 exd5 13. bxa5 dxe4 $17) 11... Bxe6 12. Bf4 b5 13. Qd2 Nc6 14.
Ng5 Bc8 15. Rad1 Ra7 16. Nf3 Rd7 17. c4 b4 18. Nc2 Re8 19. Bg5 Qa5 20. a3 bxa3
21. Qxa5 Nxa5 22. bxa3 Bb7 $132 {Terentiev,V-Ibragimov,V/Podolsk/1993/}) 10. a4
Bd7 11. a5 e5 (11... Nc8 12. c4 b5 13. axb6 Nxb6 14. Nc3 $16) 12. c4 $5 (12.
Nbd2 Nc8 13. Nc4 Ne8 $14) (12. dxe6 Bxe6 $10 {/\Nc6><a5}) 12... Nh5 (12... Ne8
$142 $5 13. Nc3 f5 $14 {<=>}) 13. Nc3 Nc8 (13... f5 $2 14. exf5 gxf5 15. Nxe5
$1 $18) 14. Bd2 Nf4 15. Bf1 (15. Bxf4 exf4 16. e5 dxe5 17. Nxe5 Nd6 $13) 15...
h6 (15... f5 $6 16. exf5 gxf5 17. Bxf4 exf4 18. Qd2 $16 {><f4}) 16. Kh2 {/\g3}
g5 17. Na4 $5 (17. g3 Ng6 (17... Nxh3 $6 18. Bxh3 g4 19. Nh4 $1 gxh3 20. Nf5
$16) 18. Bd3 Nce7 19. Kg2 $14) 17... f5 (17... Ng6 18. b4 $36) 18. exf5 Bxf5
19. Bxf4 $1 gxf4 (19... exf4 $5 20. Nc3 {/\Bd3,><e6,׻}) 20. Nc3 Ne7 21. Bd3
$16 Rb8 (21... Bd7 22. Ne4 Nf5 23. g4 $1 $16) 22. Ra2 b6 23. axb6 Rxb6 24. Bxf5
Nxf5 25. Ne4 {ץg7,a6} Qb8 (25... Nd4 26. Nxd4 exd4 (26... cxd4 27. Qg4 $16)
27. Qf3 $36) 26. Nfd2 Nd4 (26... Rxb2 27. Rxa6 $16) 27. Qg4 Qc8 $2 (27... Qb7
28. Nf3 $5 $16) 28. Nf6+ $1 Kh8 29. Nd7 $18 Nc2 30. Rd1 Nb4 31. Ra3 Rb7 32.
Nxf8 Qxf8 33. Ne4 {/\Qe6} Rb6 34. Qd7 Nc2 35. Qc7 $1 Qf5 (35... Nxa3 36. Qxb6
Nxc4 37. Qxa6 Nxb2 38. Rb1 $18) 36. f3 $5 (36. Qxb6 $18) 36... Rxb2 37. Rd2 $1
{/\Nd6,Rc3+-} (37. Rxa6 $2 Ne3 $132) 37... Nxa3 38. Rxb2 Nxc4 39. Rb7 Qg6 $8 (
39... Qf8 40. Rb8) 40. Qd8+ (40. Qd8+ Kh7 41. Nf6+ $18) 1-0